C# 2010 : rychlý průvodce novinkami a nejlepšími postupy /

Gespeichert in:
Bibliographische Detailangaben
1. Verfasser: Nash, Trey (VerfasserIn)
Weitere Verfasser: Mužík, Jakub (ÜbersetzerIn), Krejčí, Lukáš 1979- (ÜbersetzerIn)
Format: Buch
Sprache:Tschechisch
Englisch
Veröffentlicht: Brno : Computer Press, 2010
Ausgabe:1. vyd.
Schlagworte:
ISBN:9788025130346
Online-Zugang: Volltext
Tags: Tag hinzufügen
Keine Tags, Fügen Sie den ersten Tag hinzu!

MARC

LEADER 00000nam a2200000 4500
003 SK-BrCVT
005 20220621163910.0
008 101022s2010 xr e ||||||cze d
020 |a 9788025130346 
035 |a CVTIDW0003340 
040 |b slo  |a CVTI SR  |e AACR2 
041 1 |a cze  |h eng 
044 |a xr 
080 |a 004.43.045  |2 UDC-MRF 
080 |a 004.42  |2 UDC-MRF 
100 1 |a Nash, Trey  |4 aut 
245 1 0 |a C# 2010 :  |b rychlý průvodce novinkami a nejlepšími postupy /  |c Trey Nash ; překlad: Jakub Mužík, Lukáš Krejčí 
250 |a 1. vyd. 
260 |a Brno :  |b Computer Press,  |c 2010 
300 |a 624 s. :  |b grafy, obr., tab. ; 
653 1 |a objektovo orientovaný jazyk 
653 1 |a počítačové programovanie 
700 1 |a Mužík, Jakub  |4 trl 
700 1 |a Krejčí, Lukáš  |d 1979-,  |4 trl 
910 |a BA002  |b A611764 
919 |a 978-80-251-3034-6 
959 |a 18 
974 |a Jelinkova  |f Knihy 
992 |a ASP 
999 |c 160081  |d 160081